Escudos de Times Sul-Americanos - Statistics

Estatísticas Gerais
  • Esse quiz foi jogado 105 vezes
  • A pontuação média é 19 de 24
Estatísticas das Respostas
Imagem Resposta % Correto
Boca Juniors
99%
Colo Colo
93%
River Plate
92%
Olimpia
90%
Nacional
89%
Bolivar
88%
Racing
88%
Lanus
86%
San Lorenzo
84%
atletico nacional
83%
Independiente
83%
estudiantes
82%
LDU
81%
Universidad Catolica
78%
Cerro Porteño
76%
once caldas
72%
america de cali
71%
Argentinos juniors
71%
junior barranquilla
71%
newells old boys
69%
velez sarsfield
69%
independiente del valle
68%
sporting cristal
68%
The Strongest
64%
Nenhum quiz correspondente encontrado
Distribuição das Pontuações
Porcentagem de Pessoas com Cada Pontuação
Percentil de Números Respondidos
Sua Pontuação Histórica
Você não jogou esse quiz